000
00343nam a2200145Ia 4500
008
231217s9999 xx 000 0 und d
041
_a
English
082
_a
001.642 RAT;1 R
100
_a
Rathbone, Andy.
245
0
_a
OS/2 for dummies
260
_c
1993
_b
Pustak Mahal
_a
Bangalore
300
_a
xvi+341
650
_a
OS/2
942
_c
AA
999
_c
182634
_d
182634